Hitchcock-the murderous gaze /

Bibliographic Details
Main Author: Rothman, William
Format: Book
Language:English
Published: Cambridge, Mass. : Harvard University Press, 1982.
Series:Harvard film studies.
Subjects:

MARC

Tag First Indicator Second Indicator Subfields
LEADER 00000cam a2200000 a 4500
001 in00000097664
005 20150924085345.0
008 810224s1982 maua b 00110 eng
010 |a  81001700  
020 |z 067458855X 
020 |z 0674404106 
035 |a (OCoLC)07273746 
035 |9 AAK9288AM 
039 0 |a 2  |b 3  |c 3  |d 3  |e 3 
040 |a DLC  |c DLC  |d OCL  |d TXA  |d UtOrBLW 
049 |a TXAM  |c [1362737] 
050 0 0 |a PN1998 A3  |b  H553 
082 0 |a 791.43/0233/0924  |2 19 
100 1 |a Rothman, William. 
245 1 0 |a Hitchcock-the murderous gaze /  |c William Rothman. 
264 1 |a Cambridge, Mass. :  |b Harvard University Press,  |c 1982. 
300 |a 371 pages :  |b illustrations ;  |c 26 cm. 
336 |a text  |b txt  |2 rdacontent 
337 |a unmediated  |b n  |2 rdamedia 
338 |a volume  |b nc  |2 rdacarrier 
490 1 |a Harvard film studies 
504 |a Includes bibliographical references and index. 
600 1 0 |a Hitchcock, Alfred,  |d 1899-1980. 
830 0 |a Harvard film studies. 
999 |a MARS 
999 f f |s 53b5ab91-3a00-3320-b3d3-1dc9c85e1786  |i e7abfb5f-2332-3060-a073-122d0841922e  |t 0 
952 f f |p normal  |a Texas A&M University  |b College Station  |c Sterling C. Evans Library  |d Evans: Library Stacks  |t 0  |e PN1998 A3 H553  |h Library of Congress classification  |i unmediated -- volume  |m A14806017400 
998 f f |a PN1998 A3 H553  |t 0  |l Evans: Library Stacks